| 000 | 01042nam a22003617a 4500 | ||
|---|---|---|---|
| 001 | 0000017 | ||
| 003 | KOHA_MİRAKIL | ||
| 005 | 20260207001156.0 | ||
| 007 | ta | ||
| 008 | 081212b2007 tu |||gr||||#0|||0|tur | | ||
| 020 |
_a9786053950240 _c26,69 |
||
| 040 |
_aTR-BiSEU _btur _cTR-BiSEU _erda |
||
| 041 | 0 | _atur | |
| 044 | _ctu | ||
| 050 |
_aQA303 _b.S85 2007 |
||
| 100 | 1 | _aSulak, Hidayet. | |
| 245 | 1 |
_aTemel matematik : _bsınıf öğretmenliği anabilimdalı öğrencileri için/ _cHidayet Sulak ; Hidayet Sulak. |
|
| 264 | 1 |
_aAnkara : _bNobel Yayınları _c2007 |
|
| 300 | _a2 c.; 24 cm. | ||
| 336 |
_ametin _btxt _2rdacontent |
||
| 337 |
_aaracısız _bn _2rdamedia |
||
| 338 |
_acilt _bnc _2rdacarrier |
||
| 490 | 1 |
_aNobel yayın ; _vno. |
|
| 490 | 1 | _a1227. | |
| 490 | 1 |
_aMatematik-İstatislik ; _v49 |
|
| 500 | _aKaynakça var. | ||
| 650 | 0 |
_aMatematik. _91486 |
|
| 830 | 1 |
_aNobel yayın ; _vno. _91510 |
|
| 830 | 1 |
_a1227. _91511 |
|
| 830 | 1 |
_aMatematik-İstatislik ; _v49 _91512 |
|
| 907 | _aMatematik | ||
| 942 |
_2lcc _cBK |
||
| 999 |
_c18 _d18 |
||